Budi Mangsa Buli

Bibliographic Details
Main Author: Syed Mahadzir
Format: Book
Published: Selangor : Cooray's House Of publication Sdn Bhd , (s.n)
Series:Siri Hentikan Buli

MARC

LEADER 00000cam a2200000 7i4500
001 0000051770
005 20150908.0
008 150908
020 |a 9832852811(set) 
020 |a 9832852919 
090 0 0 |a MOR   |b MAL 
100 0 |a Syed Mahadzir 
245 1 0 |a Budi Mangsa Buli   |c Syed Mahadzir 
260 |a Selangor :   |b Cooray's House Of publication Sdn Bhd ,   |c (s.n) 
490 0 |a Siri Hentikan Buli 
999 |a 0001042833   |b Book   |c Children Collection   |e Cawangan Taman Sri Lambak 
999 |a 0001052106   |b Book   |c Children Collection   |e Cawangan Taman Universiti 
999 |a 0001052107   |b Book   |c Children Collection   |e Cawangan Mersing 
999 |a 0001052108   |b Book   |c Children Collection   |e Cawangan Pontian 
999 |a 0001052110   |b Book   |c Children Collection   |e Cawangan Kota Tinggi 
999 |a 0001071050   |b Book   |c Children Collection   |e Cawangan Bandar Penawar 
999 |a 0001071123   |b Book   |c Children Collection   |e Cawangan Taman Universiti 
999 |a 0001075566   |b Book   |c Children Collection   |e Cawangan Bukit Gambir 
999 |a 0001075598   |b Book   |c Teenagers   |e Cawangan Bandar Tenggara 
999 |a 0001075633   |b Book   |c Children Collection   |e Cawangan Segamat 
999 |a 0001075647   |b Book   |c Teenagers   |e Cawangan Bandar Tenggara 
999 |a 0001075752   |b Book   |c Children Collection   |e Cawangan Pontian 
999 |a 0001130361   |b Book   |c Children Collection   |e Cawangan Taman Universiti 
999 |a 0001130562   |b Book   |c Children Collection   |e Cawangan Pontian 
999 |a 0001130580   |b Book   |c Children Collection   |e Cawangan Tmn. Ungku Tun Aminah 
999 |a 0001130607   |b Book   |c Children Collection   |e Cawangan Taman Universiti 
999 |a 0001138913   |b Book   |c Children Collection   |e Cawangan Bukit Gambir